000 01141nam0a22003371 4500
001 v19\rc\1663452
005 20250619011123.0
035 _a(NLR Aleph) 004772454
090 _a4635459
_c4635459
100 _a20061002e18911891|||y0rusy50 ca
101 0 _arus
102 _aRU
105 _ay z |||||
200 1 _aСмородина и способы разведения ее
_e(Ribes rubrum L. - Ribes nigrum L.)
_fП.В. Ростовцев
210 _aМосква
_cУнив. тип.
_d1891
215 _a[2], 37 с.
_d17
311 _aИз №№ 42-45 журн. "Наука и жизнь"
488 0 _12001#$aНаука и жизнь$v№ 42-45
_tНаука и жизнь
532 1 3 _aСмородина и способы разведения ее
700 1 _aРостовцев
_bП.В.
_gПетр Васильевич
801 0 _aRU
_bNLR
_gpsbo
801 0 _aRU
_bRuMoRGB
_2psbo
801 1 _aRU
_bProSoft-M
_2rusmarc
852 _aNLR
_j18.207.4.144
899 _aRuMoRGB
_jA 171/1046
899 _aRuMoRGB
_jW 468/66
899 _aБАН
899 _aНБ СПбГУ
942 _cBOOK
980 _aNB